'Welcome to Duloc' Lyrics Quiz Stats

 Plays Quiz Updated Feb 14, 2018

Score 0/54 Timer 04:00
2 Plays Today
% Correct
Duloc
98.4%
Duloc
98.4%
Duloc
98.4%
Duloc
98.4%
Duloc
98.4%
we
97.8%
to
97.1%
a
96.7%
a
96.7%
a
96.7%
Welcome
96.5%
the
90.6%
is
87.5%
is,
87.5%
is,
87.5%
is
87.5%
place.
86%
place!
86%
your
81.8%
your
81.8%
perfect
79.2%
perfect
79.2%
perfect
79.2%
...Face.
73.7%
town
72.4%
Wipe
71.5%
have
68.6%
% Correct
of
65.9%
And
65.7%
in
65.5%
rules
63.1%
some
62.8%
shoes,
62.2%
us
62.2%
Such
60.6%
down:
59.5%
them
58.9%
grass
58.7%
Here
58.1%
Let
58%
lay
55.7%
Shine
55.6%
off
53.5%
keep
52.6%
Stay
50.9%
Please
47.8%
line
47.2%
Don't
45.9%
we'll
44.3%
get
44.2%
fine.
42.7%
along
40.4%
make
36.4%
waves,
33%

You're not logged in!

Compare scores with friends on all Sporcle quizzes.
OR
Log In

Sporcle TV

Today on Sporcle TV


Watch our educational content, quiz creation guides, and fun videos on Sporcle TV.

Show Comments

Extras

Top Quizzes Today


Score Distribution

Your Account Isn't Verified!

In order to create a playlist on Sporcle, you need to verify the email address you used during registration. Go to your Sporcle Settings to finish the process.

Report this User

Report this user for behavior that violates our Community Guidelines.

Details: